Missing Word: Films Set in the White House Quiz Stats

 Plays Quiz Updated Feb 19, 2018

Score 0/16 Timer 04:00
0 Plays Today
Title Missing Word % Correct
____ GumpForrest
98%
Independence ____Day
97.9%
Air ____ OneForce
97.3%
All the President's ____Men
95%
Wild Wild ____West
94.8%
G.I. ____: The Rise of CobraJoe
94.1%
____ Treasure: Book of SecretsNational
85.2%
In the ____ of FireLine
84.1%
Title Missing Word % Correct
Olympus Has ____Fallen
83.6%
Abraham Lincoln: ____ HunterVampire
81.6%
White House ____Down
77.9%
X-Men: Days of ____ PastFuture
72.8%
The Sum of all ____Fears
69.7%
The ____ PresidentAmerican
55.8%
____ KidFirst
41.8%
____ LibertyChasing
16.9%

Today's Daily Dose

You're not logged in!

Compare scores with friends on all Sporcle quizzes.
OR
Log In

You Might Also Like...

Show Comments

Extras

Top Quizzes Today


Score Distribution

Your Account Isn't Verified!

In order to create a playlist on Sporcle, you need to verify the email address you used during registration. Go to your Sporcle Settings to finish the process.

Report this User

Report this user for behavior that violates our Community Guidelines.

Details: